[Event "FSFMB December 2012"]
[Site "Budapest HUN"]
[Date "2012.12.08"]
[Round "7.1"]
[White "Engelbrecht,I"]
[Black "Bella,Zsolt"]
[Result "1-0"]
[WhiteElo "1640"]
[BlackElo "1401"]
[WhiteFideId "733563"]
[BlackFideId "760137"]
[EventDate "2012.12.01"]

1. e4 d6 2. d4 g6 3. Nf3 Bg4 4. Be3 Nf6 5. Nbd2 Bg7 6. c3 Nc6 7. h3 Bd7 8. d5
Ne5 9. Nxe5 dxe5 10. Bd3 c6 11. c4 O-O 12. O-O Nh5 13. Be2 Nf4 14. Bf3 Bh6 15.
Bg4 Nxh3+ 16. Bxh3 Bxe3 17. fxe3 Bxh3 18. gxh3 Qd7 19. Qf3 f5 20. exf5 Rxf5 21.
Qg4 Raf8 22. Rxf5 Qxf5 23. Qxf5 Rxf5 24. Rf1 cxd5 25. Rxf5 gxf5 26. cxd5 b5 27.
Nf3 f4 28. Nxe5 fxe3 29. Nc6 a6 30. Nxe7+ Kf8 1-0

[Event "FSFMB December 2012"]
[Site "Budapest HUN"]
[Date "2012.12.08"]
[Round "7.3"]
[White "Czipp,J"]
[Black "Mihajlova,D"]
[Result "0-1"]
[WhiteElo "1445"]
[BlackElo "1479"]
[WhiteFideId "739294"]
[BlackFideId "468444"]
[EventDate "2012.12.01"]

1. Nf3 Nf6 2. d4 e6 3. g3 c5 4. Bg2 cxd4 5. O-O d5 6. Nxd4 e5 7. Nb3 e4 8. Nc3
Be6 9. f3 Nc6 10. fxe4 Qb6+ 11. Kh1 Rd8 12. Bg5 Be7 13. exd5 Ng4 14. Bxe7 Nxe7
15. Qe1 Nxd5 16. Nxd5 Bxd5 17. e4 Be6 18. Rf3 O-O 19. Bh3 Ne5 20. Bxe6 Nxf3 21.
Bxf7+ Rxf7 22. Qc3 Qh6 23. h4 Nxh4 24. Rg1 Nf3+ 0-1

[Event "15th Mukachevo Rating 2012"]
[Site "Mukachevo UKR"]
[Date "2012.11.08"]
[Round "1.2"]
[White "Sevostianov,P"]
[Black "Yushko,O"]
[Result "1-0"]
[WhiteTitle "IM"]
[BlackTitle "WF"]
[WhiteElo "2298"]
[BlackElo "2131"]
[WhiteFideId "4156781"]
[BlackFideId "14114500"]
[EventDate "2012.11.08"]

1. e4 e6 2. d4 d5 3. Nd2 Nf6 4. e5 Nfd7 5. f4 c5 6. c3 Nc6 7. Ngf3 Qb6 8. Nb3
cxd4 9. cxd4 Be7 10. Bd2 f6 11. Bc3 O-O 12. Bd3 a5 13. a4 Kh8 14. Bb5 Ndb8 15.
O-O Nb4 16. exf6 gxf6 17. Qe2 N8c6 18. Qd2 Bd7 19. Kh1 Qc7 20. Nc1 Bd6 21. Ne2
Rae8 22. b3 Ne7 23. Bxd7 Qxd7 24. Ng3 Qc7 25. Nh5 Ng6 26. Rac1 Nc6 1-0

[Event "15th Mukachevo Rating 2012"]
[Site "Mukachevo UKR"]
[Date "2012.11.08"]
[Round "1.3"]
[White "Oros,R"]
[Black "Khazankin,M"]
[Result "1-0"]
[WhiteTitle "FM"]
[WhiteElo "2236"]
[BlackElo "2068"]
[WhiteFideId "14120666"]
[BlackFideId "14115271"]
[EventDate "2012.11.08"]

1. d4 Nf6 2. c4 c5 3. d5 e5 4. Nc3 d6 5. e4 Be7 6. Bd3 O-O 7. h3 Nbd7 8. g4 Ne8
9. Nf3 a6 10. a4 b6 11. Be3 g6 12. Qd2 Ng7 13. Bh6 Nf6 14. Ke2 Bd7 15. Rag1 Rb8
16. Nh4 Nfe8 17. Nf3 Nf6 18. Nd1 b5 19. axb5 axb5 20. Ne3 bxc4 21. Nxc4 Bb5 22.
Qc2 Bxc4 23. Bxc4 Qd7 24. b3 Ra8 25. Ra1 Ra7 26. Qd3 Rfa8 27. Bb5 Ra2+ 28. Nd2
Qc8 29. Rxa2 Rxa2 30. Qb1 Ra7 31. f3 Nd7 32. Nc4 Qd8 33. Bd2 Qb8 34. Ba4 Bd8 35.
Rc1 1-0

[Event "15th Mukachevo Rating 2012"]
[Site "Mukachevo UKR"]
[Date "2012.11.08"]
[Round "1.4"]
[White "Doluhanova,E"]
[Black "Bakunc,R"]
[Result "1-0"]
[WhiteTitle "WGM"]
[WhiteElo "2289"]
[BlackElo "2276"]
[WhiteFideId "14112035"]
[BlackFideId "13304097"]
[EventDate "2012.11.08"]

1. e4 e6 2. d4 d5 3. Nc3 dxe4 4. Nxe4 Bd7 5. Nf3 Bc6 6. Bd3 Nd7 7. Qe2 Be7 8.
Bd2 Ngf6 9. O-O-O Bxe4 10. Bxe4 Nxe4 11. Qxe4 c6 12. Kb1 O-O 13. h4 Nf6 14. Qd3
Qd5 15. Rhe1 Rfd8 16. c4 Qh5 17. Bg5 Qg6 18. Qxg6 hxg6 19. Ne5 Kf8 20. g4 Ng8
21. Rd3 Ke8 22. Bd2 Bd6 23. Nf3 Kf8 24. h5 gxh5 25. gxh5 Rd7 26. Bc3 Ne7 27. Nh4
Bf4 28. Rf3 Bg5 29. Ng6+ Nxg6 30. hxg6 Kg8 31. gxf7+ Rxf7 32. Rg3 Bf4 33. Rg6
Bh6 34. Reg1 Kh7 35. Rxe6 Raf8 36. d5 cxd5 37. cxd5 Rd8 38. d6 Rxf2 39. Re7 Rxd6
40. Bxg7 Bxg7 41. Rexg7+ Kh6 42. Rxb7 Rdd2 43. a3 a5 44. Ka2 a4 45. Rb6+ Kh7 46.
Rg4 1-0

[Event "15th Mukachevo Rating 2012"]
[Site "Mukachevo UKR"]
[Date "2012.11.08"]
[Round "1.6"]
[White "Zajarnyi,A"]
[Black "Volovikov,An"]
[Result "1-0"]
[WhiteTitle "IM"]
[BlackTitle "FM"]
[WhiteElo "2304"]
[BlackElo "2365"]
[WhiteFideId "13900315"]
[BlackFideId "14120283"]
[EventDate "2012.11.08"]

1. e4 c5 2. f4 e6 3. Nf3 d5 4. e5 Nc6 5. d4 cxd4 6. a3 Qa5+ 7. Nbd2 Bd7 8. Rb1
f6 9. Bd3 Qc7 10. Qe2 Nh6 11. O-O Nf7 12. Re1 O-O-O 13. b4 g5 14. b5 Na5 15. Nb3
Nc4 16. exf6 gxf4 17. Bxc4 dxc4 18. Nbxd4 Bc5 19. c3 e5 20. Nxe5 Bf5 21. Nxf7
Qxf7 22. Rb4 Rhe8 23. Qf2 Bd3 24. Rxe8 Qxe8 25. Bxf4 Rxd4 26. f7 Qe1+ 27. Qxe1
Rxf4+ 28. Kh1 Rf1+ 29. Qxf1 Bxf1 30. Rb1 Bd3 31. Re1 Kc7 32. Re8 Kb6 33. f8=Q
Bxf8 34. Rxf8 Kxb5 35. Rf7 Ka4 36. Rxb7 Kxa3 37. Kg1 a5 38. g4 Be4 39. Rb5 a4
40. Kf2 Ka2 41. Ke3 Bd3 42. h4 a3 43. h5 h6 44. Rb6 Ka1 45. Kd2 a2 46. Kc1 Bf5
47. g5 hxg5 48. Rb5 Bd7 49. Rxg5 Bf5 1-0

[Event "15th Mukachevo Rating 2012"]
[Site "Mukachevo UKR"]
[Date "2012.11.09"]
[Round "2.1"]
[White "Tiba,V"]
[Black "Sevostianov,P"]
[Result "1/2-1/2"]
[BlackTitle "IM"]
[WhiteElo "2199"]
[BlackElo "2298"]
[WhiteFideId "14118823"]
[BlackFideId "4156781"]
[EventDate "2012.11.08"]

1. e4 e5 2. Nf3 Nc6 3. Bc4 Nf6 4. d3 Be7 5. c3 O-O 6. O-O d6 7. Bb3 Bg4 8. h3
Bh5 9. Nbd2 Nd7 10. Re1 Nc5 11. Bc2 Ne6 12. Nf1 Ng5 13. Bxg5 Bxg5 14. Ng3 Bg6
15. Nxg5 Qxg5 16. d4 h5 17. dxe5 dxe5 18. Nf1 Rad8 19. Qe2 Rd6 20. Rad1 Rfd8 1/2-1/2

[Event "15th Mukachevo Rating 2012"]
[Site "Mukachevo UKR"]
[Date "2012.11.09"]
[Round "2.2"]
[White "Khazankin,M"]
[Black "Zajarnyi,A"]
[Result "1-0"]
[BlackTitle "IM"]
[WhiteElo "2068"]
[BlackElo "2304"]
[WhiteFideId "14115271"]
[BlackFideId "13900315"]
[EventDate "2012.11.08"]

1. e4 Nc6 2. Nc3 Nf6 3. d4 d5 4. e5 Nd7 5. Nf3 Nb6 6. a3 Bg4 7. Be2 e6 8. h3 Bh5
9. O-O Be7 10. Re1 O-O 11. g4 Bg6 12. Bd3 a5 13. Kg2 a4 14. h4 Qd7 15. h5 Bxd3
16. Qxd3 f5 17. g5 Nc4 18. Ne2 f4 19. Bxf4 Nxb2 20. Qc3 Nc4 21. Rh1 b5 22. Nh4
Bxa3 23. Rxa3 b4 24. Qh3 Nxa3 25. Qd3 Ne7 26. Bd2 Rab8 27. Ng6 hxg6 28. hxg6 Qe8
29. Rh8+ 1-0

[Event "15th Mukachevo Rating 2012"]
[Site "Mukachevo UKR"]
[Date "2012.11.09"]
[Round "2.3"]
[White "Yushko,O"]
[Black "Oros,R"]
[Result "1-0"]
[WhiteTitle "WF"]
[BlackTitle "FM"]
[WhiteElo "2131"]
[BlackElo "2236"]
[WhiteFideId "14114500"]
[BlackFideId "14120666"]
[EventDate "2012.11.08"]

1. d4 Nf6 2. c4 e6 3. Nc3 Bb4 4. Qc2 O-O 5. Nf3 b6 6. a3 Bxc3+ 7. Qxc3 Bb7 8. g3
d6 9. Bg2 Nbd7 10. O-O Qe7 11. b4 c5 12. dxc5 bxc5 13. Bb2 Rac8 14. Rfc1 Nb6 15.
Qd3 e5 16. Nd2 Bxg2 17. Kxg2 Na4 18. Qb3 Nxb2 19. Qxb2 h5 20. Nf1 Qe6 21. Ne3 h4
22. Qd2 Ng4 23. Nd5 h3+ 24. Kg1 f5 25. b5 f4 26. Rc3 fxg3 27. Rxg3 Nxf2 28. Qg5
Rf7 29. Qh4 Rcf8 30. Rf1 e4 31. Qg5 Qe5 32. Qxe5 dxe5 33. a4 e3 34. Rxe3 Ng4 35.
Rxf7 Rxf7 36. Re4 Nf2 37. Rxe5 Nd1 38. Ne7+ Kf8 39. Nf5 g6 40. Nh4 Kg7 41. Rxc5
Nc3 42. Re5 Nxa4 43. c5 Kf6 44. Re3 Nxc5 45. Rxh3 Rb7 46. Ra3 Rxb5 47. Rxa7 Ne6
48. Ra6 Rb4 49. Nf3 Kf5 50. Kf2 g5 51. h3 g4 52. Ra5+ Kf6 53. hxg4 Rxg4 54. Ne5
Re4 55. Nf3 Nf4 56. e3 Nd3+ 57. Ke2 Ne5 58. Ra6+ Kg7 59. Re6 1-0

[Event "15th Mukachevo Rating 2012"]
[Site "Mukachevo UKR"]
[Date "2012.11.09"]
[Round "2.4"]
[White "Volovikov,An"]
[Black "Shkuran,D"]
[Result "1-0"]
[WhiteTitle "FM"]
[BlackTitle "IM"]
[WhiteElo "2365"]
[BlackElo "2381"]
[WhiteFideId "14120283"]
[BlackFideId "14106248"]
[EventDate "2012.11.08"]

1. e4 c5 2. Nc3 e6 3. f4 d6 4. Nf3 Nf6 5. Bb5+ Bd7 6. Bxd7+ Qxd7 7. O-O Nc6 8.
d3 Be7 9. Qe1 O-O 10. Qg3 d5 11. f5 dxe4 12. fxe6 Qxe6 13. Ng5 Qd7 14. dxe4 Bd6
15. Bf4 Bxf4 16. Rxf4 Qd4+ 17. Kh1 Rfd8 18. Nf3 Qb4 19. Rxf6 Qxb2 20. Rf1 Qxc3
21. Rxf7 Rf8 22. Rxb7 Rab8 23. Rxb8 Nxb8 24. Qd6 Qc4 25. Kg1 Re8 26. e5 h6 27.
Rb1 Na6 28. Rb7 Re6 29. Qd8+ Kh7 30. Qd3+ Qxd3 31. cxd3 Nb4 32. d4 Ra6 33. h3
Rxa2 34. e6 Re2 35. e7 Nd5 36. dxc5 Rxe7 37. c6 Rc7 38. Ne5 Kg8 39. Kf2 Kf8 40.
Ng6+ Kf7 1-0

[Event "15th Mukachevo Rating 2012"]
[Site "Mukachevo UKR"]
[Date "2012.11.09"]
[Round "3.1"]
[White "Oros,R"]
[Black "Tiba,V"]
[Result "1-0"]
[WhiteTitle "FM"]
[WhiteElo "2236"]
[BlackElo "2199"]
[WhiteFideId "14120666"]
[BlackFideId "14118823"]
[EventDate "2012.11.08"]

1. e4 c5 2. Nc3 g6 3. g3 Nc6 4. Bg2 Bg7 5. f4 d6 6. d3 e6 7. Nf3 Nge7 8. O-O O-O
9. Be3 b6 10. d4 Ba6 11. Rf2 Qc7 12. a4 Na5 13. Nb5 Bxb5 14. axb5 Nc4 15. Bc1
cxd4 16. Nxd4 e5 17. fxe5 dxe5 18. Ne2 Qc5 19. Nc3 Ne3 20. Qe2 Nxg2 21. Kxg2
Rfd8 22. Ra4 Qd6 23. Bg5 f6 24. Be3 Qe6 25. Rf1 Nc8 26. Nd5 Rb8 27. Qc4 Kh8 28.
Qc7 Qd6 29. Rc4 Rd7 30. Qc6 Rf7 31. Rd1 Qd8 32. Nc3 Qe7 1-0

[Event "15th Mukachevo Rating 2012"]
[Site "Mukachevo UKR"]
[Date "2012.11.09"]
[Round "3.2"]
[White "Zajarnyi,A"]
[Black "Yushko,O"]
[Result "1-0"]
[WhiteTitle "IM"]
[BlackTitle "WF"]
[WhiteElo "2304"]
[BlackElo "2131"]
[WhiteFideId "13900315"]
[BlackFideId "14114500"]
[EventDate "2012.11.08"]

1. e4 e6 2. d4 d5 3. e5 c5 4. f4 cxd4 5. Nf3 Nc6 6. a3 Nh6 7. b4 Nf5 8. Bd3 Qb6
9. Qe2 Be7 10. O-O O-O 11. Kh1 f6 12. Nbd2 Ne3 13. Re1 Bd7 14. Bb2 fxe5 15. fxe5
Nf5 16. Nb3 a6 17. Rf1 Rac8 18. g4 Nh6 19. Nfxd4 Rf7 20. Nf5 exf5 21. e6 Bxe6
22. Qxe6 Qc7 23. Bxf5 Nxf5 24. Rxf5 Nd8 25. Qxd5 Qc6 26. Qxc6 Rxc6 27. Rxf7 Kxf7
28. Rf1+ Kg6 29. Rf2 Rc4 30. h3 Ne6 31. Na5 Rc7 32. Be5 Rd7 33. Kg2 Bg5 34. Bg3
Bc1 35. Nc4 Kh6 36. a4 Rd4 37. Nd6 Rxb4 38. Nf7+ Kg6 39. Ne5+ Kh6 40. Nd3 1-0

[Event "15th Mukachevo Rating 2012"]
[Site "Mukachevo UKR"]
[Date "2012.11.09"]
[Round "3.3"]
[White "Shkuran,D"]
[Black "Khazankin,M"]
[Result "1-0"]
[WhiteTitle "IM"]
[WhiteElo "2381"]
[BlackElo "2068"]
[WhiteFideId "14106248"]
[BlackFideId "14115271"]
[EventDate "2012.11.08"]

1. e4 c5 2. Nf3 d6 3. d4 cxd4 4. Nxd4 Nf6 5. Nc3 g6 6. g3 Bg7 7. Bg2 O-O 8. O-O
Bg4 9. f3 Bd7 10. a4 Nc6 11. Nde2 Rc8 12. Be3 Qa5 13. Ra3 Ne5 14. Rb3 b6 15. Bd4
Nc4 16. g4 Bxa4 17. g5 Nh5 18. Nxa4 Qxa4 19. Bh3 Rcd8 20. Bxg7 Nxg7 21. Nc3 Qe8
22. Nd5 Ne6 23. f4 Nc5 24. Rc3 Nxb2 25. Qd4 Nba4 26. Ra3 b5 27. f5 Rd7 28. Raf3
Nb6 29. fxg6 hxg6 30. Nxb6 axb6 31. Bxd7 Qxd7 32. e5 dxe5 33. Qxe5 Qe6 34. Qf4
Qe4 35. Qxe4 Nxe4 36. Re3 Nxg5 37. Rxe7 f5 38. Rd1 f4 39. Rd6 Nf3+ 40. Kf2 Nh4
41. Rxb6 Rc8 42. c3 Ra8 43. Rxb5 Ra2+ 44. Re2 Ra3 45. Rb7 Ra8 46. c4 Nf5 47. c5
g5 48. c6 Nd6 49. Rd7 Nf7 50. c7 g4 51. Rc2 Rc8 52. Rb2 1-0

[Event "15th Mukachevo Rating 2012"]
[Site "Mukachevo UKR"]
[Date "2012.11.09"]
[Round "3.4"]
[White "Doluhanova,E"]
[Black "Volovikov,An"]
[Result "0-1"]
[WhiteTitle "WGM"]
[BlackTitle "FM"]
[WhiteElo "2289"]
[BlackElo "2365"]
[WhiteFideId "14112035"]
[BlackFideId "14120283"]
[EventDate "2012.11.08"]

1. e4 c5 2. Nf3 e6 3. d4 cxd4 4. Nxd4 a6 5. Bd3 Bc5 6. Nb3 Be7 7. Be3 Qc7 8.
N1d2 d6 9. Qe2 Nf6 10. f4 b5 11. O-O Bb7 12. c4 b4 13. Bf2 Nbd7 14. Nd4 Nc5 15.
Bc2 O-O 16. e5 Nfd7 17. Rae1 dxe5 18. fxe5 f5 19. exf6 Rxf6 20. Bg3 Qb6 21. Kh1
Bd6 22. Rxf6 Nxf6 23. Bh4 Rf8 24. Nxe6 Re8 25. Bf5 Ncd7 26. Nf3 h6 27. c5 Bxc5
28. Bxf6 Bxf3 29. Qc4 Qb5 30. Qb3 Nxf6 31. gxf3 Kh8 32. Bg6 Re7 33. Qd1 Qc6 34.
Nxc5 Rxe1+ 35. Qxe1 Qxc5 36. Qd2 Qc7 37. Kg2 a5 38. Bf5 Nh5 39. Qe3 Nf4+ 40. Kf2
g6 41. Qe8+ Kg7 42. Bd7 Qc5+ 43. Kg3 g5 44. Bc6 Qg1# 0-1

[Event "15th Mukachevo Rating 2012"]
[Site "Mukachevo UKR"]
[Date "2012.11.10"]
[Round "4.2"]
[White "Tiba,V"]
[Black "Zajarnyi,A"]
[Result "1-0"]
[BlackTitle "IM"]
[WhiteElo "2199"]
[BlackElo "2304"]
[WhiteFideId "14118823"]
[BlackFideId "13900315"]
[EventDate "2012.11.08"]

1. e4 Nc6 2. d4 d5 3. e5 Bf5 4. c3 e6 5. Bd3 Nge7 6. Ne2 f6 7. f4 h5 8. O-O h4
9. Qc2 Bxd3 10. Qxd3 Nf5 11. Nd2 g5 12. Nf3 g4 13. Ne1 Qd7 14. a4 Na5 15. b4 Nc4
16. a5 O-O-O 17. Nc2 Qh7 18. Rd1 fxe5 19. dxe5 c5 20. Na3 Nxa3 21. Bxa3 c4 22.
Qd2 g3 23. h3 Kb8 24. Nd4 Nxd4 25. Qxd4 Qf7 26. Bc1 a6 27. Be3 Rc8 28. Qa7+ Kc7
29. b5 axb5 30. a6 Rb8 31. axb7 Rxb7 32. Qxb7+ Kxb7 33. Ra7+ Kc6 34. Rxf7 b4 35.
cxb4 Bxb4 36. Rf6 Re8 37. f5 Bc5 38. Bxc5 Kxc5 39. Rxe6 Rb8 40. Rd6 c3 41.
R6xd5+ Kc4 42. R5d4+ Kc5 43. Rd7 Kc6 44. R7d3 Rb3 45. Rc1 1-0

[Event "15th Mukachevo Rating 2012"]
[Site "Mukachevo UKR"]
[Date "2012.11.10"]
[Round "4.3"]
[White "Sevostianov,P"]
[Black "Oros,R"]
[Result "1-0"]
[WhiteTitle "IM"]
[BlackTitle "FM"]
[WhiteElo "2298"]
[BlackElo "2236"]
[WhiteFideId "4156781"]
[BlackFideId "14120666"]
[EventDate "2012.11.08"]

1. e4 e5 2. Bc4 Nf6 3. d3 Nc6 4. Nf3 Be7 5. O-O d6 6. c3 O-O 7. Nbd2 Na5 8. Bb5
a6 9. Ba4 b5 10. Bc2 c5 11. Re1 Nc6 12. Nf1 Re8 13. Bg5 Nd7 14. Bxe7 Qxe7 15.
Ne3 Nf6 16. d4 cxd4 17. cxd4 Bg4 18. Nxg4 Nxg4 19. h3 Nf6 20. Qd2 Rac8 21. Bb3
h6 22. d5 Nb8 23. Nh4 Qa7 24. Nf5 Red8 25. Bc2 Kf8 26. Bd3 Ne8 27. a4 bxa4 28.
Rxa4 Qb6 29. Rea1 Nc7 30. Qe2 Rd7 31. Ra5 Rdd8 32. R1a4 Rd7 33. b4 Rcd8 34. Qg4
f6 35. Qe2 Kg8 36. h4 Kh7 37. h5 Rf8 38. g3 Kh8 39. Kg2 Kg8 40. b5 Nxb5 41. Bxb5
axb5 42. Rxb5 Qc7 43. Qb2 Rdf7 44. Ra8 Nd7 45. Ra6 Nc5 46. Rc6 Qa7 47. Nxd6 Nd3 1-0

[Event "15th Mukachevo Rating 2012"]
[Site "Mukachevo UKR"]
[Date "2012.11.10"]
[Round "4.4"]
[White "Khazankin,M"]
[Black "Doluhanova,E"]
[Result "0-1"]
[BlackTitle "WGM"]
[WhiteElo "2068"]
[BlackElo "2289"]
[WhiteFideId "14115271"]
[BlackFideId "14112035"]
[EventDate "2012.11.08"]

1. e4 c5 2. Nc3 a6 3. g3 b5 4. Bg2 Bb7 5. d3 e6 6. f4 d5 7. exd5 exd5 8. Qe2+
Be7 9. Nf3 Nf6 10. O-O O-O 11. Bd2 Nc6 12. a3 Rc8 13. Rae1 Re8 14. Qd1 b4 15.
axb4 cxb4 16. Na4 Nd7 17. d4 Nb6 18. c3 Nc4 19. Ne5 Nxd2 20. Qxd2 Nxe5 21. fxe5
Bc6 22. Ra1 Bb5 23. Rf3 b3 24. Qd1 Rb8 25. Qxb3 Be2 26. Qa2 Bc4 27. Qb1 Qd7 28.
b4 a5 29. Nb2 axb4 30. Nxc4 dxc4 31. Qe4 Red8 32. Bf1 Rbc8 33. Qf4 Bf8 34. Rd1
bxc3 35. Rxc3 Qa4 36. Be2 Bb4 37. Rf3 Qa7 38. Kg2 c3 39. Rff1 c2 40. Rd3 Qc7 41.
Rc1 Qb7+ 42. Bf3 Qa6 43. Be4 Ba3 44. Rxa3 Qxa3 45. Rxc2 Rxc2+ 46. Bxc2 Qa2 47.
Qe4 g6 48. Kf3 Rc8 49. Bd3 Qxh2 50. d5 Qh1+ 51. Kf4 Qh6+ 52. Kf3 Qh5+ 53. Ke3
Qg5+ 54. Qf4 Qe7 55. d6 Qe6 56. Qd4 Re8 57. Bc4 Qxe5+ 58. Qxe5 Rxe5+ 59. Kd4 Re8
60. Kd5 Kf8 61. Bb5 Rb8 62. Bc6 h5 63. Ke5 Rb2 64. Kd5 Rd2+ 65. Kc5 g5 66. Ba4
h4 67. gxh4 gxh4 68. Bd7 Rd3 69. Kc6 h3 70. Bf5 Rc3+ 71. Kd7 h2 72. Be4 Rc1 0-1

[Event "15th Mukachevo Rating 2012"]
[Site "Mukachevo UKR"]
[Date "2012.11.10"]
[Round "4.5"]
[White "Volovikov,An"]
[Black "Bakunc,R"]
[Result "1/2-1/2"]
[WhiteTitle "FM"]
[WhiteElo "2365"]
[BlackElo "2276"]
[WhiteFideId "14120283"]
[BlackFideId "13304097"]
[EventDate "2012.11.08"]

1. e4 e5 2. Bc4 Nf6 3. d4 exd4 4. Nf3 Nc6 5. e5 d5 6. Bb5 Ne4 7. Nxd4 Bd7 8.
Bxc6 bxc6 9. O-O Be7 10. f3 Ng5 11. Be3 O-O 12. c3 f6 13. f4 fxe5 14. fxe5 c5
15. Nb3 Rxf1+ 16. Qxf1 Ne6 17. N1d2 c4 18. Nd4 Nxd4 19. cxd4 Be6 20. Rc1 Qd7 21.
b3 Ba3 22. Rc3 Rf8 23. Nf3 Bb4 24. Rc1 Qb5 25. Qe2 Ba3 26. Rc3 Be7 27. Rc1 Ba3
28. Rc3 Be7 29. Rc1 c6 30. h3 Qa5 31. bxc4 dxc4 32. Bg5 Ba3 33. Rxc4 Bxc4 34.
Qxc4+ Qd5 35. Qc3 h6 36. Bh4 Qxa2 37. Qxc6 Qb1+ 38. Kh2 Bc1 39. Bg3 Be3 40. h4
Qf5 41. e6 Qf6 42. Qd5 Re8 43. e7+ Qf7 44. Qe4 Qxe7 45. Be5 Bc1 46. h5 Qf7 47.
Qg4 Rf8 48. Kg3 Ba3 49. Nh4 Kh7 50. Qe4+ Kg8 51. Qg4 Kh7 52. Qe4+ Kg8 53. Qg4
Qf2+ 54. Kh2 Rf7 55. Qc8+ Bf8 56. Ng6 Kh7 57. Qg4 Ba3 58. Nf4 Kg8 59. d5 Bb2 60.
Bd6 Bd4 61. Qc8+ Kh7 62. Ng6 Qg1+ 63. Kh3 Qh1+ 64. Bh2 Rf3+ 65. gxf3 Qxf3+ 66.
Bg3 Qf1+ 67. Kh4 Qf6+ 68. Kg4 Qg5+ 69. Kh3 Qxh5+ 70. Nh4 Qxd5 71. Qc2+ Kg8 72.
Kh2 Bf6 73. Nf5 a5 74. Qc8+ Kh7 75. Qc2 Kg8 76. Qc8+ 1/2-1/2

[Event "15th Mukachevo Rating 2012"]
[Site "Mukachevo UKR"]
[Date "2012.11.10"]
[Round "4.6"]
[White "Yushko,O"]
[Black "Shkuran,D"]
[Result "0-1"]
[WhiteTitle "WF"]
[BlackTitle "IM"]
[WhiteElo "2131"]
[BlackElo "2381"]
[WhiteFideId "14114500"]
[BlackFideId "14106248"]
[EventDate "2012.11.08"]

1. d4 Nf6 2. c4 g6 3. Nc3 Bg7 4. Bg5 h6 5. Bh4 c5 6. d5 Qa5 7. Qc2 g5 8. Bg3 b5
9. Be5 Na6 10. Bxf6 Bxf6 11. cxb5 Nb4 12. Qd2 Bxc3 13. bxc3 Nxd5 14. Rc1 Nf6 15.
e3 a6 16. bxa6 Bxa6 17. Bxa6 Qxa6 18. Rc2 Qb7 19. f3 g4 20. Kf2 gxf3 21. gxf3
Ng4+ 22. Ke2 Ne5 23. Kf2 Qb1 24. c4 Ra3 25. h4 Rg8 0-1

[Event "15th Mukachevo Rating 2012"]
[Site "Mukachevo UKR"]
[Date "2012.11.10"]
[Round "5.2"]
[White "Shkuran,D"]
[Black "Tiba,V"]
[Result "1-0"]
[WhiteTitle "IM"]
[WhiteElo "2381"]
[BlackElo "2199"]
[WhiteFideId "14106248"]
[BlackFideId "14118823"]
[EventDate "2012.11.08"]

1. e4 c6 2. d4 d5 3. Nc3 dxe4 4. Nxe4 Nd7 5. Ng5 Ngf6 6. Bd3 e6 7. Qe2 Bd6 8.
N1f3 h6 9. Ne4 Nxe4 10. Qxe4 Qc7 11. Bd2 b6 12. c4 Bb7 13. Qe2 O-O-O 14. b4 c5
15. bxc5 bxc5 16. Be4 Bxe4 17. Qxe4 Nf6 18. Qc2 Kd7 19. Qa4+ Qc6 20. Qxa7+ Ke8
21. dxc5 Bc7 22. O-O Ra8 23. Nd4 Rxa7 24. Nxc6 Ra4 25. Rfc1 Kd7 26. Nb4 Ba5 27.
c6+ Ke7 28. Rab1 Ne4 29. Be1 Rc8 30. f3 Nd6 31. a3 Nf5 32. Rc3 Nd4 33. Rd3 Nxc6
34. Nxc6+ Rxc6 35. Rb7+ Kf6 36. Bxa5 Rxa5 37. Rdd7 Ke5 38. Rb5+ Rc5 39. Rxa5
Rxa5 40. Rxf7 g5 41. Rh7 Rxa3 42. Rxh6 Rc3 43. h4 Rxc4 44. hxg5 Kf5 45. Rf6+
Kxg5 46. Rxe6 Kf4 47. Kh2 Kg5 48. Re4 1-0

[Event "15th Mukachevo Rating 2012"]
[Site "Mukachevo UKR"]
[Date "2012.11.10"]
[Round "5.3"]
[White "Doluhanova,E"]
[Black "Yushko,O"]
[Result "1-0"]
[WhiteTitle "WGM"]
[BlackTitle "WF"]
[WhiteElo "2289"]
[BlackElo "2131"]
[WhiteFideId "14112035"]
[BlackFideId "14114500"]
[EventDate "2012.11.08"]

1. e4 e6 2. d4 d5 3. Nc3 Nf6 4. Bg5 dxe4 5. Nxe4 Be7 6. Nxf6+ Bxf6 7. Bxf6 Qxf6
8. Nf3 O-O 9. Bd3 c5 10. O-O Nd7 11. Re1 cxd4 12. Nxd4 Nc5 13. Bxh7+ Kxh7 14.
Qh5+ Kg8 15. Qxc5 Rd8 16. Rad1 Rd5 17. Qc3 Bd7 18. Ne2 Qg5 19. Rxd5 Qxd5 20. Nf4
Qf5 21. Qd2 Bc6 22. c4 Qg5 23. Qe3 Rd8 24. f3 Qa5 25. a3 Qa4 26. Qc3 Be8 27. b4
Qc6 28. h4 Qc7 29. g3 Rc8 30. c5 Ba4 31. h5 Re8 32. h6 f6 33. hxg7 e5 34. Qc4+
Qf7 35. Nd5 Kxg7 36. Qg4+ Qg6 37. Qxg6+ Kxg6 38. Nc3 Bc6 39. Kf2 Rd8 40. Rd1 Rc8
41. Rd6 a6 42. Ke3 Kg7 43. g4 Rf8 44. Ne4 f5 45. gxf5 Rxf5 46. Rd2 Rh5 47. Rg2+
Kf7 48. Nd6+ Kf8 49. a4 Rh3 50. Rf2 Ke7 51. b5 Bd5 52. Ne4 Bb3 53. bxa6 bxa6 54.
a5 Bd5 55. Rd2 Bb7 56. Rb2 Bc8 57. Rb8 Bd7 58. Rb6 Bb5 59. Nc3 Bf1 60. Nd5+ Kd7
61. c6+ 1-0

[Event "15th Mukachevo Rating 2012"]
[Site "Mukachevo UKR"]
[Date "2012.11.10"]
[Round "5.4"]
[White "Bakunc,R"]
[Black "Khazankin,M"]
[Result "1-0"]
[WhiteElo "2276"]
[BlackElo "2068"]
[WhiteFideId "13304097"]
[BlackFideId "14115271"]
[EventDate "2012.11.08"]

1. Nf3 c5 2. e4 d6 3. Nc3 Nf6 4. d4 cxd4 5. Nxd4 g6 6. g3 Bg7 7. Bg2 O-O 8. O-O
Bg4 9. Nde2 Nc6 10. h3 Bd7 11. f4 Rc8 12. Kh2 Qa5 13. Nd5 Nxd5 14. exd5 Nb4 15.
c3 Na6 16. Be3 Qc7 17. Re1 e6 18. dxe6 fxe6 19. Qd2 Bc6 20. Nd4 Bxg2 21. Qxg2
Qd7 22. Rad1 Nc5 23. Nf3 b6 24. Ng5 Rfe8 25. Bg1 h6 26. Nf3 Qc6 27. Nh4 Qxg2+
28. Kxg2 g5 29. fxg5 hxg5 30. Nf3 g4 31. hxg4 d5 32. Ng5 Bf6 33. Bxc5 Bxg5 34.
Bd4 Kf7 35. Re2 Kg6 36. Rde1 Rc6 37. Rf2 Rc7 38. a4 Bd8 39. Rfe2 Rc6 40. Rf1 Rc7
41. Be5 Rf7 42. Rfe1 Bf6 43. Bxf6 Rxf6 44. g5 Kxg5 45. Re5+ Kg6 46. Rxd5 Re7 47.
Rd6 Kf7 48. Re5 Rg6 49. a5 Kf6 50. Rb5 Reg7 51. Rd3 bxa5 52. Rf3+ Ke7 53. Rxa5
Kd6 54. Rd3+ Kc6 55. b4 Kb7 56. Re5 Kc7 57. b5 Rg8 58. c4 Rg4 59. Rc5+ Kb7 60.
Rc6 e5 61. Rc3 Rd4 62. Rf6 e4 63. c5 Rb4 64. c6+ Kc8 65. Rf7 Rb2+ 66. Kh3 Rh8+
67. Kg4 Rg8+ 68. Kf5 Rxb5+ 69. Kxe4 a5 70. Kf3 a4 71. Rf4 Rb3 72. Rxb3 axb3 73.
Rb4 1-0